[Event "Moscow Tal Memorial 6th"]
[Site "Moscow"]
[Date "2011.11.22"]
[Round "6"]
[White "Carlsen, Magnus"]
[Black "Svidler, Peter"]
[Result "1/2-1/2"]
[WhiteElo "2826"]
[BlackElo "2755"]
[Annotator "Krasenkow,Michal"]
[PlyCount "106"]
[EventDate "2011.11.16"]
[EventType "tourn"]
[EventRounds "9"]
[EventCountry "RUS"]
[EventCategory "22"]
[SourceTitle "CBM 146"]
[Source "ChessBase"]
[SourceDate "2012.01.18"]
[SourceVersion "1"]
[SourceVersionDate "2012.01.18"]
[SourceQuality "1"]

1. d4 {Krasenkow,Michal} Nf6 2. c4 g6 3. Nc3 d5 4. cxd5 Nxd5 5. e4 Nxc3 6. bxc3 Bg7 7. Bc4 c5 8. Ne2 Nc6 9. Be3 O-O 10. O-O b6 $5 {Usually this move is played after} (10... Na5 11. Bd3) {However, the knight does not have go to a5!} 11. dxc5 (11. Rb1 {[%csl Rb1]} cxd4 12. cxd4 Bb7 13. Qd2 Rc8 14. Rfc1 Qd6 15. Bb5 Rfd8 16. d5 Ne5 17. Nd4 Ng4 18. Bf4 Be5 $11 {1/2 Erdos,V (2592)-Przezdziecka,M (2278)/Warsaw 2010/CBM 137 Extra (35)}) (11. Rc1 Bb7 12. d5 (12. f3 Rc8 13. Qd2 Na5 14. Bb5 a6 15. Bd3 b5 16. d5 e6 17. dxe6 fxe6 18. Rfd1 Qe7 19. Bg5 Bf6 20. Bxf6 Qxf6 21. Qe3 e5 22. Bc2 Rf7 23. Bb3 c4 24. Bc2 Rd8 25. Rxd8+ Qxd8 26. Rd1 Rd7 27. Rxd7 Qxd7 28. Qb6 {1/2 Lalic,B (2495)-Romanishin,O (2570)/Sarajevo 1988/CBM 008}) (12. Bb5 Na5 13. d5 e6 14. c4 Qe7 15. Nf4 exd5 16. exd5 Rad8 17. Re1 Qf6 18. Qd2 Qf5 $1 19. Qe2 Bc8 $1 $11 {[%cal Yc8d7] 1-0 Knaak,R (2490)-Jansa,V (2445)/Bratislava 1983/MCD (26)}) 12... Ne5 13. Bb3 (13. Bb5 a6 $1 (13... e6 14. c4 Ng4 15. Bf4 e5 16. Bd2 Qh4 17. h3 Nf6 18. f3 Bh6 19. Rc3 Ne8 20. Bxh6 Qxh6 21. Bxe8 Rfxe8 22. a4 $16 {1-0 Portisch,L (2600)-Schmidt,W (2450)/Indonesia 1983/MCD (44)}) 14. Ba4 Nc4 15. Bf4 Nb2 16. Qc2 Nxa4 17. Qxa4 e6 $132 18. dxe6 $140 Qd3 $1) 13... c4 14. Bc2 e6 $1 15. dxe6 Nd3 $1 (15... fxe6 16. Nd4 Qe7 17. f4 Nc6 18. e5 Nxd4 19. Bxd4 b5 20. Rb1 Bc6 21. Qg4 Rad8 22. h4 $14 {1/2 Zilka,S (2479)-Petr,M (2462)/Czechia 2010/CBM 139 Extra (68)}) 16. Bxd3 Qxd3 17. exf7+ Rxf7 18. Ng3 Bxe4 19. Qa4 Qd5 20. Nxe4 Qxe4 21. Rfe1 Qd5 $11 {1/2 Polugaevsky,L (2625)-Miles,A (2560)/Wijk aan Zee 1979/MCD (28)}) (11. Qd2 Bb7 12. Rac1 Rc8 (12... Qd7 13. Rfd1 Rfd8 {1/2 Despotovic,M (2355)-Simic,R (2485)/Belgrade 1988/TD (39)} 14. Bh6 $5) (12... e6 13. Rfd1 Rc8 14. Bb5 cxd4 15. cxd4 Ne7 16. Rxc8 Nxc8 $11 {[%cal Yc8d6] 0-1 Vakhidov,J (2392)-Kasimdzhanov,R (2678)/Tashkent UZB 2011/The Week in Chess 888 (57)}) 13. Rfd1 (13. h4 Qd7 (13... Na5 14. Bd3 e5 $1 15. Bg5 Qd7 $11) 14. h5 Na5 15. Bd3 cxd4 16. cxd4 Rxc1 17. Rxc1 Rc8 18. h6 Rxc1+ 19. Qxc1 Bf8 20. Nc3 Qc8 21. d5 Nc4 22. Bd4 Nd6 23. Qf4 f6 24. e5 fxe5 25. Bxe5 Nf7 26. Bxg6 Nxe5 27. Bf5 Ng6 28. Bxc8 Nxf4 29. Bxb7 Bxh6 $11 {1/2 Lputian Smbat G (2540)-Romanishin Oleg M (2555)/Lvov 1987 (31)}) 13... cxd4 14. cxd4 Qd6 (14... e6 15. Bh6 Qh4 $5 16. Bxg7 Kxg7 17. Qe3 (17. d5 Ne5 18. Qd4 Qf6 19. Bb3 exd5 20. Rxc8 Rxc8 21. exd5 Ba6 22. Nc3 Nd7 23. Ne4 Qxd4 24. Rxd4 Rc1+ 25. Rd1 Rxd1+ 26. Bxd1 Bc4 $17 {0-1 Enchev,I (2435)-Grigorov,G (2497)/Albena BUL 2011/The Week in Chess 867 (33)}) 17... Rfd8 18. Bb5 Qf6 19. Bxc6 Rxc6 20. Rxc6 Bxc6 $11 21. d5 $6 exd5 22. e5 Qe7 23. Nd4 Bd7 24. f4 Rc8 {0-1 Meyer,M (2348)-Petr,M (2468)/Munich GER 2010/The Week in Chess 840 (52)}) 15. d5 (15. Bf4 {1-0 Zhukova,N (2499)-Nebolsina,V (2310)/Moscow 2010/CBM 138 Extra (39)} e5 $11) (15. Bh6 Qb4 $1 16. Qxb4 Nxb4 17. Bxg7 Kxg7 18. a3 Nc6 19. d5 Ne5 20. Bb5 Rxc1 21. Rxc1 Rc8 22. Rxc8 Bxc8 23. Nd4 g5 24. f3 {1/2 Stella,A (2310)-Codenotti,M (2169)/Bratto 2010/CBM 138 Extra}) (15. e5 $5 Qd7 16. e6 $5 fxe6 17. Nf4 {1-0 Noori,A (2135)-Aghamohammadi,M/Iran 2000/EXT 2003 (28)} Nd8 $13 {A.Giri}) 15... Na5 16. Bb5 Rxc1 17. Rxc1 Rc8 (17... e6 $1 18. Bf4 Be5 19. Bxe5 Qxe5 20. Nc3 Rc8 $1 $132 {A.Giri}) (17... f5 $5 {A.Giri}) 18. h3 (18. Rxc8+ Bxc8 19. Nd4 $1 $14 {A.Giri}) 18... Rxc1+ 19. Qxc1 e6 20. Nf4 exd5 21. Nxd5 f5 22. f3 fxe4 23. fxe4 Qe5 $11 {1/2 Topalov,V (2805)-Anand,V (2787)/Sofia 2010/CBM 136/[Giri,Anish] (60)}) 11... Qc7 {A typical idea. After cxb6 axb6 White's queenside pawn majority will be nearly useless.} (11... Ne5 12. Qxd8 Rxd8 13. Bd5 Rb8 (13... Ba6 $142) 14. c6 $16 {1-0 Kanep,M (2523)-Novik,M (2468)/Finland 2008/EXT 2009 (26)}) 12. f4 $146 {This move doesn't look dangerous before Black has played ...e7-e6.} (12. cxb6 axb6 13. Rb1 Rb8 14. Bb5 Ne5 15. f4 Ng4 16. Qc1 Bb7 17. h3 Nxe3 18. Qxe3 Rfc8 19. e5 Bd5 20. c4 Ba8 21. Nc3 Qb7 22. Qe2 e6 23. Rbd1 Rd8 24. Ba4 Rbc8 $44 {0-1 Ju,W (2500)-Gao Rui (2464)/Hefei 2010/CBM 136 Extra (38)}) (12. Qd2 $6 Rd8 13. Qb2 bxc5 14. Qa3 Ne5 15. Bd5 Rb8 16. Qxc5 Qxc5 17. Bxc5 Ba6 18. c4 e6 $19 {1/2 Zhukova,N (2499)-Nebolsina,V (2310)/Moscow 2010/CBM 138 Extra (54)}) (12. Nd4 Ne5 (12... Bb7 13. cxb6 axb6 14. Nb5 Qe5 15. Bd5 e6 16. Bd4 Qf4 17. g3 Qh6 18. Bxc6 Bxc6 19. Qe2 $16 {1-0 Christiansen,L (2485)-Jansa,V (2480)/Luzern 1982/EXT 1997 (40)}) 13. Nb5 (13. Be2 Bb7 14. cxb6 axb6 15. Nb5 Qc6 16. f3 Nc4 $6 (16... Rfc8 17. Qb3 Nd7 {[%cal Yd7c5,Yc5a4] R.Simic}) 17. Bxc4 Qxc4 18. Qb3 $14 {1-0 Portisch,L (2635)-Ftacnik,L (2545)/Wijk aan Zee 1985/MCL (72)}) 13... Qb8 ({RR} 13... Qc6 14. Bd5 Qxb5 15. Bxa8 ({RR} 15. Rb1 Qa5 16. Bxa8 Ba6 17. cxb6 axb6 18. Bxb6 Qxc3 19. Bd5 Bxf1 20. Qxf1 e6 21. Rc1 Qd3 22. Bb7 Qd2 23. a4 Rb8 24. Rc7 Qd6 25. a5 Nd7 26. Rc8+ Rxc8 27. Bxc8 Nxb6 28. axb6 Qxb6) 15... Ba6 16. Bd5 e6 17. Bb3 Qxf1+ 18. Qxf1 Bxf1 19. Kxf1 Ng4 20. Bd2 bxc5 21. h3 Rd8 22. Rd1 Ne5 23. Ke2) 14. Be2 (14. Bf4 bxc5 15. Rb1 a6 ({RR} 15... Bb7 16. Qe2 Qc8 17. Bd5 Bc6 18. Rfd1 a6 19. Na3 e6 20. Bxc6 Qxc6 21. Nc4 Nxc4 22. Qxc4 Rfd8 23. a4) 16. Nd4 ({RR} 16. Na3 Qc7 17. Bd5 Rb8) 16... Qd6 17. Bd5 Ra7 ({RR} 17... Rb8) 18. Nc6 Rc7 19. Na5 Rd7 20. Nc4 Qc7 21. Nb6 Rd6 $13 {0-1 Paunovic,D (2320)-Jansa,V (2440)/Vrnjacka Banja 1983/MCD (83)}) ({RR} 14. Bf4 bxc5 15. Rb1 a6 16. Nd4 Qd6 17. Bd5 Ra7 18. Nc6 Rc7 19. Na5 Rd7 20. Nc4 Qc7 21. Nb6 Rd6) ({RR} 14. Bd5 Ng4 15. g3 Nxe3 ({RR} 15... a6) 16. fxe3 a6 ({RR} 16... Bh3 17. Rf2 bxc5 18. Rb1 Bh6 19. Qf3 Qe5 20. Bxa8 Rxa8 21. Qxf7+ Kh8 22. Qd5 Qxd5 23. exd5 Bxe3 24. Re1 Bxf2+ 25. Kxf2 Rf8+ 26. Ke3) 17. Nd4 ({RR} 17. Bxa8 axb5 18. Bd5 Qc7 19. cxb6 Qxb6 20. Qe2 e6 21. Bb3 b4) ({RR} 17. Bxf7+ Kh8 18. Nd4 bxc5 19. Bd5 Rxf1+ 20. Qxf1 cxd4 21. Rb1 Qa7 22. Qf7 Be6 23. Qxe6 dxc3 24. Bxa8 Qxe3+ 25. Kg2 Qe2+ 26. Kh3 Qh5+ 27. Kg2 Qe2+) 17... bxc5 ({RR} 17... Bh3 18. Nc6) 18. Rb1 Qc7 19. Bxa8 cxd4 20. cxd4 Bh3 21. Bd5 Bxf1 22. Qxf1 ({RR} 22. Kxf1) 22... e6 23. Bc4 Bh6 24. Rb3 a5 25. Kg2 Rc8 26. Rc3 Qb7 27. Qd3 Qb4 28. a3) 14... bxc5 ({RR} 14... a6 15. Na3 b5 ({RR} 15... bxc5 16. f4 ({RR} 16. Bxc5 Qc7 17. Bd4 Rd8 18. Qc1 Ng4 19. Bxg4 Bxg4 20. Qe3 Rab8) 16... Nd7 17. e5) 16. Nc2 ({RR} 16. Rb1 Bb7 17. Qc2 Nc6 18. Rfd1 Qc7) 16... Nc6 17. Nd4 Bb7 18. Qc2 ({RR} 18. f3 Rd8 19. Qc1 Nxd4 20. cxd4 Bxd4 21. Bxd4 Rxd4 22. c6 Bc8 23. Qc5 Qa7)) 15. f4 ({RR} 15. f4 Ng4 16. Bxc5 a6 17. Na3 Qc7 18. Bd4 e5 19. fxe5 Nxe5) ({RR} 15. Bxc5 a6 16. Nd4 Qc7 17. Bb4 a5 18. Nb5 Qb7 19. Bc5 Qxe4) 15... Ng4 16. Bxc5 a6 17. Na3 Qc7 18. Bd4 e5 19. fxe5 Nxe5 $44 {1/2 Aronian,L (2808)-Grischuk,A (2747)/Kazan 2011/CBM 143/[Caruana] (70)}) ({RR} 12. Nd4 Ne5 13. Nb5 Qb8 14. Be2 bxc5 15. Rb1 a6 ({RR} 15... Bb7 16. Bxc5 ({RR} 16. Qc2) 16... a6 17. Nd4 Qc7 ({RR} 17... Qc8) 18. Bb6 Qxc3 19. Rb3 Qc8 20. Qb1 Nd7 21. Rc1 Bxe4 22. Rxc8 Bxb1 23. Rxa8 Rxa8 24. Rxb1 Nxb6 25. Nc6 Na4 26. Nxe7+ Kf8) 16. Na3 ({RR} 16. Nd4 Qc7 17. Nb3 Rd8 18. Qc2 c4 19. Nc5 Nd3 20. Nxd3 cxd3 21. Bxd3 Qxc3 22. Qxc3 Bxc3 23. Bc4 Bd7 24. Rfc1 Bf6 25. Kf1 Bb5) 16... Qc7 17. f4 Rd8 18. Qc2 Ng4 19. Bxg4 Bxg4 20. f5 gxf5 21. Nc4 ({RR} 21. exf5 Qe5) 21... e6 ({RR} 21... fxe4 22. Qxe4) ({RR} 21... Rab8) 22. h3 Bh5 23. exf5 exf5 24. Bg5 f4 ({RR} 24... Re8 25. Nb6 Ra7 26. Nd5) ({RR} 24... Rf8 25. Ne3 Qe5 26. Nxf5 Bg6 ({RR} 26... Qxc3 27. Qf2)) 25. Qf2 ({RR} 25. Bxd8 Rxd8 26. Qf2 Bxc3 27. Qxf4 Qxf4 28. Rxf4 Bg6) 25... f3 ({RR} 25... Re8 26. Nb6 ({RR} 26. Bxf4 Qc6 27. Nd6 Re6 28. Nf5) 26... Ra7 27. Nd5) 26. Bxd8 Rxd8 {Karjakin,S (2782)-Vachier Lagrave,M (2789) Stavanger 2018 CBM 185 [Krasenkow,Michal] 1-0 (38)}) ({RR} 12. cxb6 axb6 13. Rb1 Rb8 14. a4 Ne5 15. Bb5 Rd8 16. Qb3 Be6 17. Qb4 Bc4 18. Rfd1 Bxb5 19. Rxd8+ Rxd8 20. Qxb5 Nc4 21. Bf4 e5 22. Bg5 f6 23. Bh4 Nd2 24. Ra1 Nxe4 25. f3 Nd2 26. Bf2 Nc4 {Shepelev,I (2035)-Stachanczyk,J (2123) Vrnjacka Banja SRB 2025 ½-½ (36)}) ({RR} 12. Nd4 Ne5 13. Nb5 Qb8 14. Be2 bxc5 15. f4 Ng4 16. Bxc5 a6 17. Na3 Qc7 18. Bd4 e5 19. fxe5 Nxe5 20. Qc1 Bg4 21. Bxg4 Nxg4 22. Qf4 Qxf4 23. Rxf4 Ne5 24. Rb1 Rad8 25. Nc2 Nc4 26. Rb4 Rc8 {Jakovenko,D (2733)-Svidler,P (2739) Tbilisi 2015 ½-½ (31)}) 12... bxc5 13. Rb1 $146 ({RR} 13. e5 Na5 14. Bd5 Rb8 15. Qa4 Ba6 16. Rf2 Rfd8 17. Bf3 Rd3 18. Qe4 Rbd8 19. f5 Bb7 20. Qf4 Bxe5 21. Qh6 Rd1+ 22. Rxd1 Rxd1+ 23. Rf1 Rxf1+ 24. Kxf1 Bxf3 25. gxf3 Nc4 26. Bf2 Qd6 27. Kg2 Qd3 {Dragun,K (2553)-Preotu,R (2461) chess.com INT 2023 0-1 (35)}) ({RR} 13. e5 Na5 14. Bd5 Rb8 15. Qa4 Ba6 16. Rf2 Rfd8 17. Bf3 Rd3 18. Qe4 Rbd8 19. f5 Bb7 20. Qf4 Bxe5 21. Qh6 Rd1+ 22. Rxd1 Rxd1+ 23. Rf1 Rxf1+ 24. Kxf1 Bxf3 25. gxf3 Nc4 26. Bf2 Qd6 27. Kg2 Qd3 {Dragun,K (2553)-Preotu,R (2461) chess.com INT 2023 0-1 (35)}) 13... Rd8 (13... Bg4 $6 14. h3 Bxe2 15. Qxe2 Bxc3 16. f5 $44) 14. Qa4 (14. Qe1 Bb7 {[%cal Rc6a5]} 15. Rb5 Na5 16. Rxc5 Qb6 17. Bxf7+ $5 Kxf7 18. Rf5+ gxf5 19. Bxb6 axb6 $13) (14. Qc2 $5) 14... Na5 15. Bd5 Bd7 $1 16. Qa3 Rac8 17. f5 e6 $1 18. Bf4 Be5 19. fxe6 fxe6 20. Bb3 Nxb3 21. axb3 Rf8 {Black has comfortably consolidated his position and has no problems.} 22. Qc1 (22. Bxe5 Qxe5 23. Qxa7 Bc6 $44) 22... c4 23. b4 Qb6+ 24. Kh1 Bg7 25. e5 (25. Ra1 $142 $132) 25... Bc6 26. Nd4 Bd5 {[%csl Gd5]} 27. Ra1 Qb7 28. Qc2 Rc7 29. Bg3 Rcf7 30. Rxf7 Qxf7 31. Qe2 g5 32. h3 h5 33. Kg1 h4 34. Bh2 Qg6 35. Rd1 $11 g4 $5 {[%mdl 512] Black is playing for a win but it is a double-edged sacrifice.} 36. hxg4 Qg5 {[%cal Yg7h6]} 37. Nf5 $1 exf5 $6 (37... h3 $1 {was correct. White had to find the best defense} 38. Rd4 $1 {[%cal Rh2f4]} (38. gxh3 $4 Rxf5) {with a logical draw after} 38... Qc1+ 39. Rd1 Qg5 $11) 38. Rxd5 fxg4 39. Kh1 h3 40. gxh3 gxh3 41. Rd4 $6 (41. Rd1 $142 $1 {[%cal Yd1g1,Ye2e4] , and White seizes the initiative.}) 41... Qc1+ 42. Rd1 Qxc3 43. e6 Qb2 $1 44. Qe4 Qg2+ 45. Qxg2 hxg2+ 46. Kxg2 Re8 47. Rd6 Bf8 48. Rc6 Bxb4 49. Rxc4 a5 50. Rc6 Kg7 51. Kf3 Kf6 52. Ke4 Rxe6+ 53. Be5+ Kf7 1/2-1/2

[Event "Moscow Tal Memorial 6th"]
[Site "Moscow"]
[Date "2011.11.23"]
[Round "7"]
[White "Anand, Viswanathan"]
[Black "Carlsen, Magnus"]
[Result "1/2-1/2"]
[WhiteElo "2811"]
[BlackElo "2826"]
[PlyCount "58"]
[EventDate "2011.11.16"]
[EventType "tourn"]
[EventRounds "9"]
[EventCountry "RUS"]
[EventCategory "22"]
[SourceTitle "CBM 146"]
[Source "ChessBase"]
[SourceDate "2012.01.18"]
[SourceVersion "1"]
[SourceVersionDate "2012.01.18"]
[SourceQuality "1"]

1. d4 Nf6 2. c4 g6 3. Nc3 d5 4. cxd5 Nxd5 5. e4 Nxc3 6. bxc3 Bg7 7. Be3 c5 8. Qd2 cxd4 9. cxd4 Nc6 10. Rd1 O-O 11. Nf3 Bg4 12. Be2 Rc8 13. O-O Qa5 14. h3 Bxf3 15. Bxf3 Qxd2 16. Rxd2 Na5 17. e5 Nc4 18. Rd3 Nxe3 19. fxe3 Rc7 20. Be4 Rfc8 21. Rb3 b6 22. Kf2 f6 23. exf6 Bxf6 24. Ke2 Kg7 25. Rd1 Rc3 26. Rd3 $146 ({RR} 26. Rxc3 Rxc3 27. Rd3 Rc2+ 28. Rd2 Rc3 29. Rd3 {½-½ (29) Sadorra,J (2561)-Gomez,J (2511) Manila 2013}) 26... Rc2+ 27. Rd2 R2c3 28. Rd3 Rc2+ 29. Rd2 R2c3 1/2-1/2